000
00298nam a22001337a 4500
020
_a
978-93-83691-67-8
082
_a
220.9 BRU
100
_a
Bruce, F .F.
245
_a
The Origin of The Bible
260
_a
Secunderabad
_b
GS Books
_c
2015
300
_a
331
650
_a
Bible-History
942
_c
BK
999
_c
20614
_d
20614